000 00596nam a2200121Ia 4500
008 220615s9999||||xx |||||||||||||| ||und||
100 _aMcKanan, Dan
245 0 _aCamphill and the Future
_bSpirituality and Disability in an Evolving Communal Movement (Edition 1)
546 _aEnglish[eng]
650 _aPolitical Science||Utopias||Social Science||People With Disabilities||Social Science||Sociology Of Religion
856 _uhttps://library.oapen.org/bitstream/20.500.12657/46605/1/external_content.pdf||https://library.oapen.org/bitstream/20.500.12657/46605/1/external_content.pdf
942 _cEB
999 _c11696
_d11696